01592nam a22003377a 4500003000400000005001700004008004100021040002200062082001500084100003800099245001500137260006100152300002000213366000800233490002300241505001400264505004400278505005300322505010100375505013900476505023500615505004300850505005500893650004700948650004600995650004301041650004301084650004701127650004401174700003601218OSt20230608104001.0221006b |||||||| |||| 00| 0 eng d cBiblioteca Lado V a800bC823f aCorrales Arias, Adrianoedirector aFronteras/ aInstituto Tecnológico de Costa Rica c2000bCosta Rica c21.5x31cma96p. espa a8v2000x1409-0236 tEDITORIAL tTertuliaaEntrevista con Harold Fonseca tRaices aRaices de vida Las sombras son propias tReflexionesaOscar Wilde: Del arte por el arte a una cena con panteras El objeto y sus palabras tComunidadesa¿Vestiremos las musas en trajes negros? La construcción de la identidad Escenarios filosóficos El viejo incendio  tTrapichea1er, Encuentro de Poetas Nicaragüenses y Costarricenses Epístola a los poetas de la frontera Costa Rica y Nicaragua Poesía del encuentro Conclusiones Cuento: Liudmila Poesía: Carta a Piero della Francesca  tADUANAaLibros Revistas y Suplementos tA la ticaaEl ambiente tico y los mitos tropicales 2Tesauro de Arte & ArquitecturaaLITERATURA 2Tesauro de Arte & ArquitecturaaNARRATIVA 2Tesauro de Arte & ArquitecturaaCUENTO 2Tesauro de Arte & ArquitecturaaPOESIA 2Tesauro de Arte & ArquitecturaaCOSTA RICA 2Tesauro de Arte & ArquitecturaaCULTURA aNavarreta, Jose Antonioeeditor